000 00316nam a2200121Ia 4500
008 190216s9999||||xx |||||||||||||| ||und||
100 _aPanchenkov G M & Lebedev V P
245 0 _aChemical Kinetics And Catalysis
260 _bMir Publishers
_c1976
300 _a645p
650 _aChemistry-Chemistry
942 _cBK
999 _c2116
_d2116